<?xml version="1.0" encoding="UTF-8"?>
<record
    xmlns:xsi="http://www.w3.org/2001/XMLSchema-instance"
    xsi:schemaLocation="http://www.loc.gov/MARC21/slim http://www.loc.gov/standards/marcxml/schema/MARC21slim.xsd"
    xmlns="http://www.loc.gov/MARC21/slim">

  <leader>02692cam a22003255a 4500</leader>
  <controlfield tag="001">17779359</controlfield>
  <controlfield tag="005">20160120124825.0</controlfield>
  <controlfield tag="008">130613t2014    moua   frbd   001 0 eng d</controlfield>
  <datafield tag="020" ind1=" " ind2=" ">
    <subfield code="a">9781455733064 (pbk. : alk. paper)</subfield>
  </datafield>
  <datafield tag="020" ind1=" " ind2=" ">
    <subfield code="a">1455733067 (pbk. : alk. paper)</subfield>
  </datafield>
  <datafield tag="040" ind1=" " ind2=" ">
    <subfield code="a">DNLM/DLC</subfield>
    <subfield code="b">eng</subfield>
    <subfield code="c">DLC</subfield>
    <subfield code="d">DLC</subfield>
    <subfield code="d">EG-ScBUE</subfield>
    <subfield code="d">EG-ScBUE</subfield>
  </datafield>
  <datafield tag="082" ind1="0" ind2="4">
    <subfield code="a">618.20231</subfield>
    <subfield code="b">MUR</subfield>
    <subfield code="2">22</subfield>
  </datafield>
  <datafield tag="100" ind1="1" ind2=" ">
    <subfield code="a">Murray, Sharon Smith.</subfield>
    <subfield code="9">38074</subfield>
  </datafield>
  <datafield tag="245" ind1="1" ind2="0">
    <subfield code="a">Foundations of maternal-newborn and women's health nursing /</subfield>
    <subfield code="c">Sharon Smith Murray, Emily Slone Mckinney.</subfield>
  </datafield>
  <datafield tag="250" ind1=" " ind2=" ">
    <subfield code="a">6th ed.</subfield>
  </datafield>
  <datafield tag="260" ind1=" " ind2=" ">
    <subfield code="a">Missouri :</subfield>
    <subfield code="b">Elsevier Saunders,</subfield>
    <subfield code="c">c.2014.</subfield>
  </datafield>
  <datafield tag="300" ind1=" " ind2=" ">
    <subfield code="a">xxviii, 852 p. :</subfield>
    <subfield code="b">ill. (col.) ;</subfield>
    <subfield code="c">28 cm.</subfield>
  </datafield>
  <datafield tag="500" ind1=" " ind2=" ">
    <subfield code="a">Glossary : p. 806-812.</subfield>
  </datafield>
  <datafield tag="500" ind1=" " ind2=" ">
    <subfield code="a">Index : p. 813-82.</subfield>
  </datafield>
  <datafield tag="500" ind1=" " ind2=" ">
    <subfield code="a">Visit "http://evolve.elsevier.com/Murray/foundations" for student resources.</subfield>
  </datafield>
  <datafield tag="504" ind1=" " ind2=" ">
    <subfield code="a">Includes bibliographical references.</subfield>
  </datafield>
  <datafield tag="505" ind1="0" ind2=" ">
    <subfield code="a">Pt. 1. Foundations for nursing care of childbearing families -- Maternity and women's health care today -- The Nurse's Role in Maternity and Women's Health Care -- Ethical, social, and legal issues -- Reproductive anatomy and physiology -- Hereditary and environmental influences on childbearing -- Pt. 2. The family before birth -- Conception and prenatal development -- Physiologic adaptations to pregnancy -- Psychosocial adaptations to pregnancy -- Nutrition for childbearing -- Antepartum fetal assessment -- Perinatal education -- Pt. 3. The family during birth -- Processes of birth -- Nursing care during labor and birth -- Intrapartum fetal surveillance -- Pain management during childbirth -- Nursing care during obstetric procedures -- Pt. 4. -- The family following birth -- Postpartum physiologic adaptations -- Postpartum psychosocial adaptations -- Normal newborn: processes of adaptation -- Assessment of the normal newborn -- Care of the normal newborn -- Infant feeding -- Home care of the infant -- Pt. 5. Families at risk during the childbearing period -- The childbearing family with special needs -- Complications of pregnancy -- Concurrent disorders during pregnancy -- Intrapartum complications -- Postpartum maternal complications -- High-risk newborn: complications associated with gestational age and development -- High-risk newborn: acquired and congenital conditions -- Pt. 6. Women's health care -- Family planning -- Infertility -- Preventive care for women -- Women's health problems.</subfield>
  </datafield>
  <datafield tag="650" ind1=" " ind2="7">
    <subfield code="a">Maternal-Child Nursing.</subfield>
    <subfield code="2">BUEsh</subfield>
    <subfield code="9">12164</subfield>
  </datafield>
  <datafield tag="650" ind1=" " ind2="0">
    <subfield code="a">Family Health.</subfield>
    <subfield code="2">BUEsh</subfield>
    <subfield code="9">12165</subfield>
  </datafield>
  <datafield tag="650" ind1=" " ind2="0">
    <subfield code="a">Women</subfield>
    <subfield code="x">Health and hygiene.</subfield>
    <subfield code="2">BUEsh</subfield>
    <subfield code="9">5261</subfield>
  </datafield>
  <datafield tag="651" ind1=" " ind2=" ">
    <subfield code="2">BUEsh</subfield>
  </datafield>
  <datafield tag="653" ind1=" " ind2=" ">
    <subfield code="b">NNUR</subfield>
    <subfield code="c">May2015</subfield>
    <subfield code="c">January2016</subfield>
  </datafield>
  <datafield tag="700" ind1="1" ind2=" ">
    <subfield code="a">McKinney, Emily Slone.</subfield>
    <subfield code="9">39106</subfield>
  </datafield>
  <datafield tag="942" ind1=" " ind2=" ">
    <subfield code="2">ddc</subfield>
  </datafield>
  <datafield tag="999" ind1=" " ind2=" ">
    <subfield code="c">19429</subfield>
    <subfield code="d">19401</subfield>
  </datafield>
  <datafield tag="952" ind1=" " ind2=" ">
    <subfield code="0">0</subfield>
    <subfield code="1">0</subfield>
    <subfield code="2">ddc</subfield>
    <subfield code="4">0</subfield>
    <subfield code="7">0</subfield>
    <subfield code="8">Baccah</subfield>
    <subfield code="a">MAIN</subfield>
    <subfield code="b">MAIN</subfield>
    <subfield code="c">1ST</subfield>
    <subfield code="d">2015-05-25</subfield>
    <subfield code="e">Purchase</subfield>
    <subfield code="g">628.00</subfield>
    <subfield code="h">22353</subfield>
    <subfield code="l">5</subfield>
    <subfield code="m">97</subfield>
    <subfield code="o">618.20231 MUR</subfield>
    <subfield code="p">000038307</subfield>
    <subfield code="r">2025-05-29 00:00:00</subfield>
    <subfield code="s">2018-11-27</subfield>
    <subfield code="v">785.00</subfield>
    <subfield code="y">BB</subfield>
  </datafield>
  <datafield tag="952" ind1=" " ind2=" ">
    <subfield code="0">0</subfield>
    <subfield code="1">0</subfield>
    <subfield code="2">ddc</subfield>
    <subfield code="4">0</subfield>
    <subfield code="7">0</subfield>
    <subfield code="8">Alahram</subfield>
    <subfield code="a">MAIN</subfield>
    <subfield code="b">MAIN</subfield>
    <subfield code="c">1ST</subfield>
    <subfield code="d">2015-06-29</subfield>
    <subfield code="e">Purchase</subfield>
    <subfield code="g">796.00</subfield>
    <subfield code="h">308</subfield>
    <subfield code="l">9</subfield>
    <subfield code="m">121</subfield>
    <subfield code="o">618.20231 MUR</subfield>
    <subfield code="p">000039311</subfield>
    <subfield code="r">2025-07-15 00:00:00</subfield>
    <subfield code="s">2025-03-15</subfield>
    <subfield code="v">995.00</subfield>
    <subfield code="y">BB</subfield>
  </datafield>
</record>
